000 00371cam a22001457a 4500
008 180718b1967 xxu||||| |||| 00| 0 eng d
082 _aA6x7291 D612
100 _aDinesh, M.R.
245 _aCuba wins freedom
_cby M.R. Dinesh
260 _aNew Delhi
_bBk. Club
_c1967
300 _a140p.
500 _aRs.2.50
650 _aNationalism - Cuba
650 _aCuba - History
999 _c478987
_d478987